Statistics for Countries by opposite records

Click here to take the quiz!

General Stats

  • This quiz has been taken 15 times
  • The average score is 4 of 8

Answer Stats

HintAnswer% Correct
...while the highest point on earth is inNepal
92%
the safest country is...Iceland
85%
the most deserted country is...Mongolia
62%
...while the most crowded isSingapore
54%
...while the slowest isUnited States
54%
...while the most dangerous isAfghanistan
46%
world's lowest point on earth is in...Jordan/Israel
38%
the fastest country in the world is...Germany
15%

Score Distribution

Percentile by Number Answered

Percent of People with Each Score

Your Score History

You have not taken this quiz